000 00843nam a22001937a 4500
999 _c62829
_d62829
003 Ge_BSU
005 20250305161405.0
008 250305s1953 ge ||||| |||| 00| 0 geo d
041 _ageo
080 _a612(075.8) მ-32
100 _aმარკოსიანი, ა.ა.
_924461
245 _aნორმალური ფიზიოლოგია :
_bსახელმძღვანელო /
_cა.ა. მარკოსიანი.
250 _aმე-2 გადამუშ. გამოც. თარგმანი
264 _aთბილისი :
_bსაქმედგამი,
_c1953.
300 _a436 გვ. :
_b1ფ. პორტრ; 4ფ. ცხრილ. ;
_c22 სმ.
653 _aნორმალური ფიზიოლოგია
653 _aმედიცინა
942 _2udc
_cBK